000 00623nam a2200241 a 4500
001 nice12345678
003 IN_TiNIC
005 20260116013320.0
008 050524s1974 dela grp 000 0 eng
020 _a8185091
_c30
082 0 0 _a297.93
_bSOR
100 _aSorabjee, Zena
245 _aNabil`s Narrative
260 _aDelhi
_bBahai Pub.Trust
_c1974
300 _a191p
500 _aincludes index and biblioraphy
505 2 _aEnglish Rendering Muhammad Akbnar Muradpuri, Abul Aziz Kamal
650 _aBahai Faith
700 1 _aSorabjee, Zena
902 _bSRS
942 _cBK
999 _c10525
_d10525